Statystyki dla ROZRYWKI NA PLAŻY

Kliknij tutaj aby rozwiązać quiz!

Ogólne statystyki

  • Ten quiz został rozwiązany 11 razy
  • Średni wynik to 1 z 5

Statystyki odpowiedzi

Odpowiedź% Poprawnych
PŁYWANIE
80%
SIATKÓWKA PLAŻOWA
20%
ZAMKI Z PIASKU
20%
FRISBEE
10%
SURFING
10%

Rozkład punktacji

Percentyl według liczby udzielonych odpowiedzi

Procent ludzi z każdym wynikiem

Twoja historia wyników

Nie rozwiązałeś tego quizu